جوزيي فردى

محفوظ في:

المؤلف الرئيسي: أحمد المصرى.

التنسيق: كتاب

اللغة: Undetermined

منشور في: Cairo not identified 1960

الوسوم: إضافة وسم

لا توجد وسوم, كن أول من يضع وسما على هذه التسجيلة!

رقم الطلب: A99 MISR

LEADER 00371nam a2200133Ia 4500
008 240404s9999||||xx |||||||||||||| ||und||
020 |a ثقافتك الموسيقية 
050 4 |a A99 MISR 
100 1 |a أحمد المصرى. 
245 1 0 |a جوزيي فردى  |c أحمد المصرى 
264 1 |a Cairo  |b not identified  |c 1960 
300 |a 189  |c 16 
942 |2 lcc  |c BK 
999 |c 58040  |d 58040